000 01063nam a2200313 i 4500
001 8874
003 KOSZ 005
005 20200102143921.0
008 070719s1970 pl a f f 001 0 pol
015 _aPB 1970/7383
040 _aWA N
_cWA N
_dKOSZ 005/RW
_dKOSZ 005/HR
046 _k1970
080 _a621.791/.795
245 0 0 _aPoradnik spawalniczy /
_c[aut. Jan Angres et al. ; koord. Stanisław Rudowski].
250 _aWyd. 3 popr., uzup. i uaktualnione.
260 _aWarszawa :
_bWydawnictwa Naukowo-Techniczne,
_c1970.
300 _a1139, [4] s. :
_bil. ;
_c18 cm.
380 _aKsiążki.
388 _a1901-2000
504 _aBibliogr. przy rozdz. Indeks.
658 _aInżynieria i technika
655 4 _aPoradnik
650 4 _aSpawalnictwo
700 1 _aAngres, Jan.
_eAutor
700 1 _aRudowski, Stanisław.
_eRedakcja
710 2 _aWydawnictwa Naukowo-Techniczne
_4pbl.
856 _uhttp://koha.tu.koszalin.pl/cgi-bin/koha/opac-detail.pl?biblionumber=8874
_yKatalog online BPK
942 _2UKD
_cKS
999 _c8874
_d8874